000 00629pam a2200193 a 4500
020 _a0470234369
020 _a8122405940 (Wiley Eastern Limited)
040 _cDLC
082 0 0 _a621 WIL 1994
100 1 _aSingh, L. P.
245 1 0 _aDigital protection :
_bprotective relaying from electromechanical to microprocessor /
260 _aNew York :
_bWiley,
_c1994.
300 _axi, 231 p. :
_bill. ;
_c25 cm.
650 0 _aMicroprocessors
650 0 _aProtective relays.
856 4 2 _uhttp://www.loc.gov/catdir/description/wiley034/94021799.html
856 4 _uhttp://www.loc.gov/catdir/toc/onix05/94021799.html
942 _cEK
999 _c11271
_d11271